Diseño de una planta procesadora de pulpa de raquis de banano, sobre rieles
Guardat en:
| Autor principal: | |
|---|---|
| Format: | Llibre |
| Publicat: |
[San José , Costa Rica]
1985
|
| Matèries: | |
| Etiquetes: |
Afegir etiqueta
Sense etiquetes, Sigues el primer a etiquetar aquest registre!
|
MARC
| LEADER | 00000nam a2200000Ia 4500 | ||
|---|---|---|---|
| 003 | 002971 | ||
| 005 | 20221231144359.0 | ||
| 008 | 140114s1985 cr a m 000 ||s d | ||
| 040 | |c cru CEDI | ||
| 090 | |a TFG 1745 | ||
| 100 | |a Marín Alvarado, Rolando |9 14375 | ||
| 245 | |a Diseño de una planta procesadora de pulpa de raquis de banano, sobre rieles | ||
| 260 | |c 1985 |a [San José , Costa Rica] | ||
| 300 | |a viii, 92 hojas : ilustraciones (algunas plegables) | ||
| 500 | |a Proyecto de graduación (licenciatura en ingeniería química)--Universidad de Costa Rica. Facultad de Ingeniería. Escuela de Ingeniería Química | ||
| 650 | |x RAQUIS DE BANANO - INDUSTRIA Y COMERCIO |9 1580 | ||
| 942 | |c TFG | ||
| 999 | |c 21025 |d 21025 | ||
